Music Quiz

Random Music or Song Quiz

20 MORE UNDERRATED EMO BANDS Quiz Stats

Quiz not verified by Sporcle

Challenge
Share
Tweet
Embed
Score 0/20 Timer 10:00
0 Plays Today
Song Band % Correct
One-Armed ScissorAt The Drive-In
75.9%
OverdueThe Get Up Kids
55.2%
Sam Rudich Snowing
55.2%
Copper and Stars Planes Mistaken For Stars
44.8%
Kill the Switch Circle Takes the Square
41.4%
O Pencil Sharp Drive Like Jehu
37.9%
Black Light Poster Child Squirrel Bait
34.5%
Give me a ClueGray Matter
34.5%
I Typed for Miles Jets To Brazil
34.5%
Circles Dag Nasty
34.5%
Song Band % Correct
Valentine Christie Front Drive
31%
Fixer-UpperThe Birds are Spies, They Report to the Trees
31%
Gary EvansEnd of a Year
31%
The Other Side Manneqvin Hand
27.6%
Future is NowYage
24.1%
Birds and Climates Life at these Speeds
24.1%
Leave it EvictedBullets*In
24.1%
Osmosis Doesn't WorkJoan of Arc
24.1%
CapsizedSamiam
20.7%
If I CouldMineral
20.7%

You're not logged in!

Compare scores with friends on all Sporcle quizzes.
Sign Up with Email
OR
Log In

You Might Also Like...

Show Comments

Extras

Top Quizzes Today


Score Distribution

Your Account Isn't Verified!

In order to create a playlist on Sporcle, you need to verify the email address you used during registration. Go to your Sporcle Settings to finish the process.